000 00733nam a2200241 i 4500
001 C2-0309782
003 PPAK
005 20180728100934.0
008 110602s2010 my |||| ||||| | eng d
020 _a9789673690299
040 _aPPAK
_beng
_cPPAK
_erda
082 0 4 _a658.11
_223
090 0 0 _a658.11
_bGER
_dKMI
100 1 _aGerber, Michael E.,
_eauthor
245 1 4 _aThe E myth
264 1 _aKuala Lumpur :
_bPTS Professional Publishing ,
_c2010
300 _axix, 260 pages ;
_c23 cm
336 _2rdacontent
_atext
337 _2rdamedia
_aunmediated
338 _2rdacarrier
_avolume
650 1 0 _aNew business enterprises. ; Entrepreneurship. ; Creative ability in business. ; Success in business.
942 _ddc
_cB
999 _c112305
_d112305